000
00253nam a2200109Ia 4500
008
200302s9999 xx 000 0 und d
100
_a
Robert Gill
245
_a
Creative Perspective
260
_b
Thames and Hudson Ltd.
260
_c
1975
300
_a
176 P.,
999
_c
834
_d
834